01021pam a2200253 a 45000010008000000030008000080050017000160080041000330100017000740200028000910400027001190430012001460500023001580820021001812450112002022600046003143000028003605000166003885040039005546500045005936510048006387000023006867400058007092879097BD-DhUL20160529145239.0860807s1987 enk b 101 0 eng  a 86020647  a0043330274 (alk. paper) aDLCcDLCdDLCdBD-DhUL aa-cc---00aHC430.E5bL43 198700a338.951219bGLL00aLearning from China? :bdevelopment and environment in Third World countries /cedited by Bernhard Glaeser. aLondon ;aBoston :bAllen & Unwin,c1987. axvii, 282 p. : c23 cm. aPapers from an international conference entitled "Environment an Development in Third World Countries : Learning from China?" held in West Berlin, 10/31-11/2/83. aIncludes bibliographies and index. 0aEnvironmental policyzChinaxCongresses. 0aChinaxEconomic policyy1949- xCongresses.1 aGlaeser, Bernhard.0 aDevelopment and environment in Third World countries.